000 00694nam a22002177a 4500
999 _c1425
_d1425
003 AR-CdUCM
008 190227b ||||| |||| 00| 0 spa d
040 _aMUNICIPALIDAD PROVINCIAL DEL CUSCO
_cBIBLIOTECA MUNICIPAL DEL CUSCO
082 _a808.83 /
_bC65
100 _aCisneros Barrios, Luis
_94032
245 _aA orillas del Vilcanota :
_bNovela /
260 _c2001.
300 _a184 páginas ;
_c22 cm.
505 _aLa falsa historia de Amalva -- Un ahogado de tres balazos -- Allá en el rancho grande ...
650 _aNovela.
_95
650 _aCusco.
_9772
650 _aRio Vilcanota.
_95408
856 _fcisluis@hotmail.com
942 _2ddc
_cLIBROS
945 _amvr
_d2019-02-27